000 00559nam a2200193Ii 4500
003 JO-AjNU
008 230606s9999||||xx |||||||||||||| ||und||
040 _aJO-AjNU
_beng
_erda
_cJO-AjNU
041 _aeng
050 1 4 _aTP248.16 1993
100 3 _aMabry,tom,
_eauthor
_92947
245 0 0 _aBiotechnology for Aridland plants
264 3 1 _aUniversity of texas at austin
300 _a367p
336 _atext
_btxt
_2rdacontent
337 _aunmediated
_bn
_2rdamedia
338 _avolume
_bnc
_2rdacarrier
650 4 _aBiotechnology for Aridland plants
_92948
999 _aE1544
_c1544
_d1544